00982nam a22002297a 45000010005000000030006000050050017000110080041000280200018000690400029000870500009001160820010001251000017001352450092001522600050002443000047002945050007003415200323003485210028006715210018006996500035007177427FISKH20250715084102.0250715b cb ||||| |||| 00| 0 eng d a9781730161865 aFISKHbengcFISKHdFISKH aPZ7  a173.9 aPrakash, Ved aWhy not share ? : bCharacter-building stories for children /cConceived by Ved Prakash aNew Delhi : bDreamland Publications, c2015. a24 pages : bcolor illustrations ; c28 cm aK  aDesigned and compiled keeping young kids in view lessons learnt through these interesting stories will definitely help children become confident citizens. Nice illustrations add beauty to each story that also guides young learners on the path of righteousness. It is an excellent resource for character-conscious kids.8 a510 bLexile estimate 8 aK bRaz-Plus  aIslam vstoriesxKoran yMORAL